000 00191 a2200097 4500
001 15794
100 _aHamlyn
245 _aWorld atlas
260 _aLondon
_bHamlyn
_c
090 _c12344
_d12344
942 _aNUST-CAE
_cM
_c2608
999 _c250867
_d250867